|
|
แสดงรายละเอียดบรรณานุกรม |
|
|
Brief Record
: Get Marc (ISO 2709)
: E-mail record
: |
|
|
| LEADER 00000nam 2200000uu 4500 | |||
| 001 208342 | |||
| 003 ULIBM | |||
| 008 121022s2555||||th 000 0 tha d | |||
| 020 ^a9786162790676 | |||
| 040 ^absi | |||
| 041 0 ^atha | |||
| 060 04 ^aWM105^bก125ค 2555 | |||
| 100 0 ^aกนกรัตน์ สุขะตุงคะ | |||
| 245 10 ^aคู่มือจิตวิทยาคลินิก :^bภาคปฏิบัติ = Handbook of clinicalpsychology : practice /^cกนกรัตน์ สุขะตุงคะ ; คณะบรรณาธิการ, กีรติ บรรณกุลโรจน์ ... [และคนอื่นๆ] | |||
| 246 31 ^aHandbook of clinical psychology :^bpractice | |||
| 260 ^aกรุงเทพฯ :^bภาควิชาจิตเวชศาสตร์ คณะแพทยศาสตร์ศิริราชพยาบาลมหาวิทยาลัยมหิดล,^c2555 | |||
| 300 ^a275 หน้า ;^c21 ซม. | |||
| 650 4 ^aจิตวิทยา^vคู่มือ | |||
| 650 4 ^aจิตวิทยาคลินิก^vคู่มือ | |||
| 653 ^aผลงานอาจารย์คณะแพทยศาสตร์ศิริราชพยาบาล | |||
| 700 0 ^aกีรติ บรรณกุลโรจน์,^eบรรณาธิการ | |||
| 710 2 ^aมหาวิทยาลัยมหิดล. ^bคณะแพทยศาสตร์ศิริราชพยาบาล.^bภาควิชาจิตเวชศาสตร์ | |||
| 999 ^aใช้งานได้ทุกระบบ | |||
| คุณยังไม่ได้ล็อกอิน คุณสามารถมีกิจกรรมร่วมกับเว็บไซต์ได้ แต่ต้องล็อกอินก่อน :: |
|
| สถานะ | |||||||||
| 1. | หนังสือทั่วไป สถานะ=หนังสือเก่า - บริการ ณ ห้องสมุด (ห้องเหลือง) | WM105 ก125ค 2555 | On Shelf ขอยืม | ||||||
| Note:ปีงบประมาณ 2555 | |||||||||
| 2. | หนังสือทั่วไป | WM105 ก125ค 2555 ฉ.2 | On Shelf ขอยืม | ||||||
| Note:ปีงบประมาณ 2555 | |||||||||
| 3. | หนังสือทั่วไป สถานะ=หนังสือเก่า - บริการ ณ ห้องสมุด (ห้องเหลือง) | WM105 ก125ค 2555 ฉ.3 | On Shelf ขอยืม | ||||||
| Note:ปีงบประมาณ 2555 | |||||||||
| 4. | หนังสือทั่วไป | WM105 ก125ค 2555 ฉ.4 | On Shelf ขอยืม | ||||||
| Note:ปีงบประมาณ 2555 | |||||||||
| 5. | หนังสือทั่วไป สถานะ=หนังสือเก่า - บริการ ณ ห้องสมุด (ห้องเหลือง) | WM105 ก125ค 2555 ฉ.5 | On Shelf ขอยืม | ||||||
| Note:ปีงบประมาณ 2555 | |||||||||
| 6. | หนังสือทั่วไป สถานะ=หนังสือเก่า - บริการ ณ ห้องสมุด (ห้องเหลือง) | WM105 ก125ค 2555 ฉ.6 | On Shelf ขอยืม | ||||||
| Note:ปีงบประมาณ 2555 | |||||||||
| 7. | หนังสือทั่วไป | WM105 ก125ค 2555 ฉ.7 | On Shelf ขอยืม | ||||||
| Note:ปีงบประมาณ 2555 | |||||||||
| 8. | หนังสือทั่วไป | WM105 ก125ค 2555 ฉ.8 | On Shelf ขอยืม | ||||||
| Note:ปีงบประมาณ 2555 | |||||||||
| 9. | หนังสือทั่วไป สถานะ=หนังสือเก่า - บริการ ณ ห้องสมุด (ห้องเหลือง) | WM105 ก125ค 2555 ฉ.9 | On Shelf ขอยืม | ||||||
| Note:ปีงบประมาณ 2555 | |||||||||
| 10. | หนังสือทั่วไป | WM105 ก125ค 2555 ฉ.10 | On Shelf ขอยืม | ||||||
| Note:ปีงบประมาณ 2555 | |||||||||
| [แสดง 10/10 รายการ] | |||||||||
| รายการใกล้เคียง ผู้แต่ง [กนกรัตน์ สุขะตุงคะ] |
BibComment |
| คอมเมนท์ทรัพยากรรายการนี้ |
|
|